000
00294 a2200145 4500
001
180169
020
_a
040
_c
Magnum
100
_a
Vieira, Regina
240
1
0
_a
O gato solitario
_l
por
245
1
0
_a
O gato solitario
362
0
_a
1899
697
_a
MAGNITO: I/ANIMAIS
942
_c
BK
999
_c
180169
_d
180169